| 000 | 01105nam a22003377a 4500 | ||
|---|---|---|---|
| 003 | CHAP | ||
| 005 | 20220329134944.0 | ||
| 008 | 971013s1971 r 00010 d | ||
| 010 | _a28648 | ||
| 011 | _a29620 | ||
| 035 | _a33731 | ||
| 040 | _cCHAP | ||
| 090 | _aFolleto 1733 | ||
| 100 | 0 | 0 |
_aLarson, Kenneth L. _964985 |
| 245 | _aDrought injury and resistance in crops | ||
| 260 |
_aMadison : _bCrop Science Society of America, _c1971 |
||
| 300 |
_a88 p. _b: ilus. |
||
| 490 | _aCSSA Special publication, 2 | ||
| 590 |
_aBATCH-UPD _b10 _c20130110 _lUCH01 _h0120 |
||
| 590 |
_aBATCH-UPD _b10 _c20130110 _lUCH01 _h1856 |
||
| 590 |
_aBATCH-UPD _b10 _c20130410 _lUCH01 _h1224 |
||
| 590 |
_aBATCH-UPD _b10 _c20130914 _lUCH01 _h1107 |
||
| 590 |
_aCONVERSION _b10 _c20130109 _lUCH01 _h1316 |
||
| 650 | 1 | 4 |
_aCultivos _xEfecto de las sequías. _930255 |
| 700 | 0 |
_aEastin, Jerry D. _935002 |
|
| 830 | 0 |
_aCSSA Special publication, 2 _929696 |
|
| 901 | _aBK | ||
| 942 | _cFOLL | ||
| 949 |
_aFolleto 1733 _bBC _cFOLL _d-78419 _eTS1 _i33731 _si _t75.00 |
||
| 949 |
_aFolleto 1733 _bBC _cFOLL _d-78420 _eTS2 _fc.2 _i33731 _si _t75.00 |
||
| 999 |
_c28648 _d28648 |
||